[Event "WC-2018-S-00001"]
[Site "LSS email"]
[Date "2018.08.23"]
[Round "?"]
[White "Astroukh, Vitalij"]
[Black "Hartl, Hermann"]
[Result "0-1"]
[WhiteElo "2425"]
[BlackElo "2564"]
[PlyCount "78"]
[EventDate "2018.09.01"]
[EventType "tourn (corr)"]
[EventRounds "12"]
[EventCountry "GER"]
[SourceTitle "Corr 2022"]
[Source "ChessBase"]
[SourceDate "2021.10.24"]
[SourceVersion "1"]
[SourceVersionDate "2021.10.24"]
[SourceQuality "1"]

1. d4 d5 2. c4 c6 3. cxd5 cxd5 4. Bg5 Nc6 5. Nc3 Nf6 6. Bxf6 gxf6 7. e3 e6 8. Bd3 Bd6 9. a3 Bd7 10. f4 f5 11. Qh5 Rg8 12. Kf2 Qb6 13. Nge2 Ne7 14. h3 0-0-0 15. Qxf7 Kb8 16. Qh5 h6 17. b4 Be8 18. Qf3 Nc8 19. Rhc1 Rd7 20. Na4 Qd8 21. Nc5 Rdg7 22. g3 Qe7 23. Rc2 Bc7 24. Kg2 h5 25. h4 Nd6 26. Kh2 Ne4 27. Rg1 Bd7 28. Nxd7+ Qxd7 29. Rgc1 Bd6 30. Bxe4 fxe4 31. Qh1 Qb5 32. Rd2 Qa6 33. Rc3 Rc8 34. Rxc8+ Kxc8 35. Qc1+ Rc7 36. Qb2 Qc4 37. Kg1 b5 38. Kf2 Kb7 39. Rd1 Qc2 0-1

[Event "WC-2018-S-00001"]
[Site "LSS email"]
[Date "2018.08.23"]
[Round "?"]
[White "Hartl, Hermann"]
[Black "Meljnikova, Ekaterina"]
[Result "1/2-1/2"]
[WhiteElo "2564"]
[BlackElo "2189"]
[PlyCount "67"]
[EventDate "2018.09.01"]
[EventType "tourn (corr)"]
[EventRounds "12"]
[EventCountry "GER"]
[SourceTitle "Corr 2022"]
[Source "ChessBase"]
[SourceDate "2021.10.24"]
[SourceVersion "1"]
[SourceVersionDate "2021.10.24"]
[SourceQuality "1"]

1. d4 Nf6 2. c4 e6 3. g3 d5 4. Nf3 Bb4+ 5. Bd2 Be7 6. Bg2 0-0 7. 0-0 c6 8. Qc2 Nbd7 9. Bf4 b6 10. Rd1 Ba6 11. Ne5 Rc8 12. cxd5 Nxd5 13. Nxc6 Nb4 14. Qa4 Nxc6 15. Bxc6 Bxe2 16. Rc1 Nf6 17. Nc3 Bd3 18. h3 Bb4 19. Be5 Bxc3 20. Rxc3 Bg6 21. Rc4 Bd3 22. Rcc1 Qe7 23. Qb3 Bg6 24. Rc4 Rcd8 25. Bxf6 Qxf6 26. Qe3 Bf5 27. Kh2 Rd6 28. a4 Rc8 29. Rac1 Rcd8 30. Rd1 Rc8 31. Qf4 Bd3 32. Qxf6 gxf6 33. Rxd3 Rdxc6 34. Rxc6 1/2-1/2

[Event "WC-2018-S-00001"]
[Site "LSS email"]
[Date "2018.08.23"]
[Round "?"]
[White "Hartl, Hermann"]
[Black "Pascual Perez, Norge"]
[Result "1/2-1/2"]
[WhiteElo "2564"]
[BlackElo "2440"]
[PlyCount "64"]
[EventDate "2018.09.01"]
[EventType "tourn (corr)"]
[EventRounds "12"]
[EventCountry "GER"]
[SourceTitle "Corr 2022"]
[Source "ChessBase"]
[SourceDate "2021.10.24"]
[SourceVersion "1"]
[SourceVersionDate "2021.10.24"]
[SourceQuality "1"]

1. d4 Nf6 2. c4 e6 3. g3 d5 4. Nf3 dxc4 5. Bg2 a6 6. 0-0 Nc6 7. e3 Bd7 8. Qe2 Bd6 9. Qxc4 0-0 10. Rd1 Rb8 11. Nbd2 Qe7 12. Qe2 e5 13. dxe5 Nxe5 14. Nxe5 Bxe5 15. Nc4 Ba4 16. Rd2 Rfd8 17. Rb1 Bb5 18. b3 Bxc4 19. Qxc4 c6 20. Qc2 g6 21. b4 Nd5 22. a3 Qe6 23. Bb2 Bxb2 24. Qxb2 Rd7 25. Rbd1 Rbd8 26. Rd4 Nc7 27. Rxd7 Rxd7 28. Rd2 Nb5 29. a4 Rxd2 30. Qxd2 Nd6 31. Qd4 h5 32. Qf4 Kf8 1/2-1/2